Visualizzazione normale
Vista MARC
- coppia
di Topical Term
Records bibliografici associati: 2
001 - CONTROL NUMBER
- control field: 60630
003 - CONTROL NUMBER IDENTIFIER
- control field:
005 - DATE AND TIME OF LATEST TRANSACTION
- control field: 20240416173705.0
008 - FIXED-LENGTH DATA ELEMENTS
- fixed length control field: 240416|| aca||aabn | a|a d
040 ## - CATALOGING SOURCE
- Original cataloging agency:
- Transcribing agency:
150 ## - HEADING--TOPICAL TERM
- Topical term or geographic name entry element: coppia
- Form subdivision: articolo
670 ## - SOURCE DATA FOUND
- Source citation: Work cat.: ()218818: Boffi Pietro 56283, Convivenze, cammino non giudizio, 2014